Statistics for Canadian City Etymologies

Click here to take the quiz!

General Stats

  • This quiz has been taken 133 times
    (74 since last reset)
  • The average score is 6 of 15

Answer Stats

Original LanguageMeaningAnswer% Correct
FrenchRoyal MountainMontreal
95%
LatinQueenRegina
80%
MohawkWhere there are trees standing in the waterToronto
52%
AlgonquinTo trade, place where trade occursOttawa
48%
CreeMuddy watersWinnipeg
42%
FrenchRapids of St. Mary's RiverSault Ste. Marie
40%
Scottish / GaelicBeach of the meadow (pasture)Calgary
34%
InuktitutMany fishIqaluit
34%
AlgonquinWhere the river narrowsQuebec (City)
31%
CreeFruit of the tree of many branches (berries)Saskatoon
28%
DutchFrom the city where the cow crossesVancouver
28%
OkanaganFemale grizzly bearKelowna
25%
Old EnglishArea of coarse grass in the nook of landHalifax
18%
ShuswapMeeting of the watersKamloops
14%
Anishinaabe[Those at the] Great River-mouthMississauga
9%

Score Distribution

Percentile by Number Answered

Percent of People with Each Score

Your Score History

You have not taken this quiz since the last reset